000 00579cam a22002291 4500
001 sa 64007687
003 DLC
005 20260227112048.0
008 900205s1963 ii 000 0 hino
010 _asa 64007687
035 _a(OCoLC)21003250
040 _aDLC
_cWaU
_dDLC
042 _apremarc
050 0 0 _aPK3798.V82
_bH5
100 0 _aViśākhadatta.
245 1 0 _aMudrārākshasa.
260 _c[1963]
300 _a18, [9]-186 p.
_c18 cm.
500 _aIn Hindi.
700 0 _aHariścandra,
_cBhāratendu,
_d1850-1885.
700 1 _aGuptā, Sureśacandra,
_d1933-
999 _c60413
_d60413